| 000 | 01585nam a2200217Ii 4500 | ||
|---|---|---|---|
| 008 | 221202s xx 000 0 und d | ||
| 245 | 0 | _aWomen in Southeast Asian Nationalist Movements | |
| 264 | 1 |
_aSingapore _bNUS Press _c2013 |
|
| 300 | _a1 online resource | ||
| 336 |
_atext _btxt _2rdacontent |
||
| 337 |
_acomputer _bc _2rdamedia |
||
| 338 |
_aonline resource _bcr _2rdacarrier |
||
| 520 | _aBooks on Southeast Asian nationalist movements make very little — if any — mention of women in their ranks. Biographical studies of politically active women in Southeast Asia are also rare. This book makes a strong case for the significance of women’s involvement in nationalist movements. The authors show women negotiating their own subjectivity and agency at the confluence of colonialism, patriarchal traditions, and modern ideals of national and personal emancipation. They also illustrate the constraints imposed on them by wider social and political structures, and show what it was like to live as a political activist in different times and places Fully documented and drawing on wider scholarship, this book will be of interest to students of Southeast Asian history and politics as well as readers with a particular interest in women, nationalism and political activism. | ||
| 653 | _aGender And Nationalism | ||
| 653 | _aHistory | ||
| 653 | _aNationalism | ||
| 700 | 1 | _aBlackburn, Susan | |
| 700 | 1 | _aTing, Helen | |
| 856 | _uhttps://library.oapen.org/bitstream/20.500.12657/26104/1/1003983.pdfhttp://library.oapen.org/handle/20.500.12657/26104 | ||
| 942 | _cE-BOOK | ||
| 999 |
_c67566 _d67566 |
||